Social studies for children in a democracy : recent trends and developments (Record no. 412950)

000 -LEADER
fixed length control field 00446cam a22001337a 4500
008 - FIXED-LENGTH DATA ELEMENTS--GENERAL INFORMATION
fixed length control field 180718b1963 xxu||||| |||| 00| 0 eng d
082 ## - DEWEY DECIMAL CLASSIFICATION NUMBER
Classification number P414 M582
100 ## - MAIN ENTRY--PERSONAL NAME
Personal name Michaelis, John U.
245 ## - TITLE STATEMENT
Title Social studies for children in a democracy : recent trends and developments
Statement of responsibility, etc. by John U.Michaelis
250 ## - EDITION STATEMENT
Edition statement 4th ed.
260 ## - PUBLICATION, DISTRIBUTION, ETC.
Place of publication, distribution, etc. Englewood
Name of publisher, distributor, etc. Prenyice- Hall
Date of publication, distribution, etc. 1963
300 ## - PHYSICAL DESCRIPTION
Extent xii,559p
650 ## - SUBJECT ADDED ENTRY--TOPICAL TERM
Topical term or geographic name entry element Social sciences --Study and teaching (Elementary)
Holdings
Withdrawn status Lost status Damaged status Not for loan Permanent Location Current Location Date acquired Full call number Barcode Date last seen Price effective from Koha item type
        Indian Institute of Public Administration Indian Institute of Public Administration 2009-02-10 P414 M582 U24 2018-07-21 2018-07-21 U

Powered by Koha